[Event "Isolated Queens Internet op 2nd"]
[Site "Chess.com INT"]
[Date "2020.05.02"]
[Round "9"]
[White "Nemcova, Karin"]
[Black "Konovalenko, Sasha"]
[Result "0-1"]
[WhiteElo "1983"]
[BlackElo "1980"]
[PlyCount "84"]
[EventDate "2020.05.02"]
[EventType "swiss"]
[EventRounds "10"]
[EventCountry "USA"]
[SourceTitle "CBM 195 Extra"]
[Source "ChessBase"]
[SourceDate "2020.05.31"]
[SourceVersion "1"]
[SourceVersionDate "2020.05.31"]
[SourceQuality "1"]

1. e4 c6 2. d4 d5 3. Nc3 dxe4 4. Nxe4 Nf6 5. Ng3 Bg4 6. Nf3 e6 7. c3 Bd6 8. h3 Bxf3 9. Qxf3 Nbd7 10. Bd3 Qc7 11. Ne4 Nxe4 12. Qxe4 Nf6 13. Qf3 h6 14. 0-0 Nd5 15. Re1 Nf6 16. Bd2 Qd7 17. c4 Bc7 18. Bc3 Qd6 19. g3 Rd8 20. d5 cxd5 21. Bxf6 gxf6 22. cxd5 Qxd5 23. Be4 Qg5 24. Bxb7 Kf8 25. Rad1 Kg7 26. h4 Qg6 27. Be4 f5 28. Qc3+ Qf6 29. Qxc7 fxe4 30. Qxa7 Rd3 31. b4 Rhd8 32. Rb1 Qf3 33. b5 R8d7 34. Qa5 Rd2 35. Qb6 R7d4 36. Rf1 e3 37. Qxd4+ Rxd4 38. b6 Rd7 39. a4 exf2+ 40. Rxf2 Qd5 41. Rfb2 Rb7 42. Ra1 Qd4+ 0-1

[Event "Isolated Queens Internet op 2nd"]
[Site "Chess.com INT"]
[Date "2020.05.02"]
[Round "8"]
[White "Shuvalova, Polina"]
[Black "Konovalenko, Sasha"]
[Result "1-0"]
[WhiteElo "2454"]
[BlackElo "1980"]
[PlyCount "83"]
[EventDate "2020.05.02"]
[EventType "swiss"]
[EventRounds "10"]
[EventCountry "USA"]
[SourceTitle "CBM 195 Extra"]
[Source "ChessBase"]
[SourceDate "2020.05.31"]
[SourceVersion "1"]
[SourceVersionDate "2020.05.31"]
[SourceQuality "1"]

1. e4 c6 2. d4 d5 3. exd5 cxd5 4. Bd3 Nc6 5. c3 Qc7 6. h3 Nf6 7. Nf3 e6 8. 0-0 Bd6 9. Re1 Bd7 10. Qe2 Bf4 11. Bxf4 Qxf4 12. Nbd2 h5 13. Qe3 Qxe3 14. fxe3 a6 15. e4 b5 16. e5 Ng8 17. b4 Nge7 18. Nb3 Nc8 19. Nc5 Nb6 20. Rf1 Rf8 21. Ng5 Ke7 22. Rf2 Be8 23. h4 Nc4 24. a4 Nd8 25. axb5 Bxb5 26. Kh2 Ra7 27. Nh7 Rg8 28. Ng5 f6 29. Nf3 Ra8 30. Re2 f5 31. Ng5 Ra7 32. Rea2 Rc7 33. Nxa6 Rb7 34. Nc5 Rb8 35. Ra7+ Ke8 36. Ngxe6 Nxe6 37. Nxe6 Bd7 38. Bxf5 Ne3 39. Nc7+ Kd8 40. Bxd7 Kxd7 41. Nxd5+ Ke6 42. Nxe3 1-0

[Event "Canadian op U2200"]
[Site "Sault Ste Marie"]
[Date "2017.07.16"]
[Round "9"]
[White "Kiviaho, Bob"]
[Black "Konovalenko, Sasha"]
[Result "0-1"]
[WhiteElo "2191"]
[BlackElo "1982"]
[PlyCount "76"]
[EventDate "2017.07.11"]
[EventType "swiss"]
[EventRounds "9"]
[EventCountry "CAN"]
[SourceTitle "EXT 2022"]
[Source "ChessBase"]
[SourceDate "2021.10.06"]
[SourceVersion "1"]
[SourceVersionDate "2021.10.06"]
[SourceQuality "1"]

1. e4 d5 2. exd5 Qxd5 3. d4 e5 4. dxe5 Qxd1+ 5. Kxd1 Nc6 6. Nf3 Bg4 7. Bb5 0-0-0+ 8. Ke1 Bxf3 9. gxf3 Nd4 10. Ba4 Nxf3+ 11. Ke2 Nxe5 12. Nc3 Ne7 13. f4 N5c6 14. Ne4 f6 15. c3 a6 16. Bd2 Nf5 17. Rhg1 Be7 18. Bb3 Kb8 19. Bc2 g6 20. b4 Rhe8 21. Rg2 Bxb4 22. Kf1 Be7 23. Re1 Nd6 24. Bc1 Nxe4 25. Rxe4 f5 26. Re6 Bf8 27. Rge2 Rxe6 28. Rxe6 Bg7 29. Re3 Bf6 30. Ke1 Ne7 31. Rh3 h5 32. Bd2 Nd5 33. Rd3 c6 34. Kd1 Nxc3+ 35. Kc1 Rxd3 36. Bxd3 Nd5 37. Kd1 b5 38. Kc1 Bc3 0-1

[Event "Canadian op U2200"]
[Site "Sault Ste Marie"]
[Date "2017.07.11"]
[Round "2"]
[White "Konovalenko, Sasha"]
[Black "Atanasov, Anthony"]
[Result "1-0"]
[WhiteElo "1982"]
[BlackElo "1823"]
[PlyCount "95"]
[EventDate "2017.07.11"]
[EventType "swiss"]
[EventRounds "9"]
[EventCountry "CAN"]
[SourceTitle "EXT 2022"]
[Source "ChessBase"]
[SourceDate "2021.10.06"]
[SourceVersion "1"]
[SourceVersionDate "2021.10.06"]
[SourceQuality "1"]

1. d4 Nf6 2. Bf4 g6 3. Nc3 Bg7 4. e4 d5 5. e5 Ne4 6. Nge2 Nxc3 7. Nxc3 Bf5 8. Bd3 Bxd3 9. Qxd3 c6 10. h4 h5 11. 0-0-0 e6 12. Rdg1 a5 13. g4 Na6 14. gxh5 Nb4 15. Qd2 Rxh5 16. Bg5 Qc7 17. a3 Na6 18. Ne2 Kd7 19. Ng3 Rah8 20. Nxh5 Rxh5 21. Bf4 Qd8 22. Rg5 Qh8 23. Rxh5 Qxh5 24. Be3 b6 25. Qd1 Qf5 26. h5 Ke8 27. hxg6 fxg6 28. Qf1 Nc7 29. Qh3 Kf7 30. Qg3 Kf8 31. Rh4 Kg8 32. Rg4 Ne8 33. Rxg6 Kf7 34. Rg4 Qh7 35. Rh4 Qg8 36. Qg5 Nc7 37. Rf4+ Ke8 38. Qg6+ Ke7 39. Rg4 Ne8 40. Bg5+ Kd7 41. Kb1 Qf8 42. Rf4 Qh8 43. Rf7+ Kc8 44. Qxe6+ Kb8 45. Qd7 Qh1+ 46. Ka2 Nd6 47. Qc7+ Ka8 48. Qa7# 1-0

[Event "Windsor NAYCC U14 Girls"]
[Site "Windsor"]
[Date "2016.08.11"]
[Round "9.49"]
[White "Guo, Ingrid"]
[Black "Konovalenko, Sasha"]
[Result "1/2-1/2"]
[WhiteElo "1473"]
[BlackElo "1775"]
[PlyCount "66"]
[EventDate "2016.08.07"]
[EventType "swiss"]
[EventRounds "9"]
[EventCountry "CAN"]
[SourceTitle "EXT 2022"]
[Source "ChessBase"]
[SourceDate "2021.10.06"]
[SourceVersion "1"]
[SourceVersionDate "2021.10.06"]
[SourceQuality "1"]

1. e4 d5 2. exd5 Qxd5 3. Nc3 Qd6 4. d4 c6 5. Nf3 Bg4 6. Be2 Nd7 7. 0-0 Ngf6 8. Be3 e6 9. Qd2 Qc7 10. Bf4 Bd6 11. Bxd6 Qxd6 12. Rad1 0-0 13. h3 Bh5 14. Nh4 Bxe2 15. Qxe2 Nb6 16. Nf3 Nbd5 17. Nxd5 exd5 18. Qd3 Rfe8 19. Rfe1 h6 20. c3 Ne4 21. Nd2 Nxd2 22. Qxd2 Rad8 23. Re3 Rxe3 24. Qxe3 Qd7 25. Re1 Kf8 26. Qf4 a6 27. a3 Re8 28. Rxe8+ Kxe8 29. Qb8+ Ke7 30. Qe5+ Kf8 31. Qb8+ Ke7 32. Qe5+ Kf8 33. Qb8+ Ke7 1/2-1/2

[Event "Windsor NAYCC U14 Girls"]
[Site "Windsor"]
[Date "2016.08.09"]
[Round "5.49"]
[White "Konovalenko, Sasha"]
[Black "Kao, Camille Y"]
[Result "1-0"]
[WhiteElo "1775"]
[BlackElo "1765"]
[PlyCount "109"]
[EventDate "2016.08.07"]
[EventType "swiss"]
[EventRounds "9"]
[EventCountry "CAN"]
[SourceTitle "EXT 2022"]
[Source "ChessBase"]
[SourceDate "2021.10.06"]
[SourceVersion "1"]
[SourceVersionDate "2021.10.06"]
[SourceQuality "1"]

1. e4 e6 2. d4 d5 3. Nd2 dxe4 4. Nxe4 Nd7 5. Nf3 Ngf6 6. Nxf6+ Nxf6 7. Bd3 c5 8. 0-0 cxd4 9. Nxd4 Bc5 10. Nb3 Be7 11. Qf3 0-0 12. Rd1 Qc7 13. Nd2 Rb8 14. Ne4 b6 15. Bg5 Bb7 16. Bxf6 Bxf6 17. Nxf6+ gxf6 18. Qxf6 Qc6 19. f3 Qc5+ 20. Kh1 e5 21. Qh4 f5 22. Bxf5 Rxf5 23. Qg4+ Kh8 24. Qxf5 Rf8 25. Qd3 Rg8 26. Qf5 Rf8 27. Qh5 Bc6 28. Re1 Re8 29. c3 Qb5 30. b3 Qc5 31. c4 Qd4 32. Rad1 Qc3 33. Qf7 e4 34. Rxe4 Rg8 35. Re7 Qg7 36. Qxg7+ Rxg7 37. Rxg7 Kxg7 38. Kg1 b5 39. cxb5 Bxb5 40. Kf2 h5 41. Rd5 Be8 42. Ra5 a6 43. Rxa6 h4 44. Rd6 h3 45. a4 hxg2 46. Kxg2 Kf7 47. Rd4 Bc6 48. a5 Ke6 49. a6 Ke5 50. Rh4 Kd5 51. a7 Kc5 52. Rc4+ Kb6 53. Rxc6+ Kxa7 54. Kf2 Kb7 55. Rh6 1-0

[Event "Wch U14 Girls"]
[Site "Porto Carras"]
[Date "2015.11.02"]
[Round "8"]
[White "Redondo Benavente, Ana"]
[Black "Konovalenko, Sasha"]
[Result "1-0"]
[WhiteElo "2064"]
[BlackElo "1670"]
[PlyCount "85"]
[EventDate "2015.10.25"]
[EventType "swiss"]
[EventRounds "11"]
[EventCountry "GRE"]
[SourceTitle "CBM 169 Extra"]
[Source "ChessBase"]
[SourceDate "2015.12.18"]
[SourceVersion "1"]
[SourceVersionDate "2015.12.18"]
[SourceQuality "1"]

1. e4 e6 2. d4 d5 3. Bd3 dxe4 4. Bxe4 Nf6 5. Bf3 c5 6. Ne2 Nbd7 7. 0-0 cxd4 8. Nxd4 Bc5 9. Be3 0-0 10. c3 e5 11. Nf5 Bxe3 12. Nxe3 e4 13. Be2 Nc5 14. Qc2 Nd5 15. Nxd5 Qxd5 16. Rd1 Qg5 17. Nd2 e3 18. Nf3 Qf4 19. Rd4 exf2+ 20. Kxf2 Qf6 21. Rad1 Bf5 22. Qc1 Rad8 23. Qe3 Rde8 24. Qc1 Rd8 25. Kg1 Bg6 26. Qe3 Rde8 27. Qd2 Ne4 28. Qe1 Qb6 29. b4 Nxc3 30. Qxc3 Rxe2 31. Kh1 Rxa2 32. Ne5 Qe6 33. Rd8 h6 34. Rxf8+ Kxf8 35. Rd8+ Ke7 36. Rd7+ Kf6 37. Nf3+ Kf5 38. Nd4+ Kf6 39. Nxe6+ Kxe6 40. Rd1 Rc2 41. Qe3+ Kf6 42. Rf1+ Bf5 43. g4 1-0